000 00738nam a22002177a 4500
005 20260115101556.0
008 240401b ||||| |||| 00| 0 eng d
020 _a9835600546
040 _cSSBUL
082 _a398.20959 Kn
_b22956 S-GAKTH
_223
100 1 _aKnappert,Jan
_938487
245 1 0 _aMythology and Folklore in south-eastasia /
_cJan Knappert; edited by Graham Saunders.
260 _aOxford:
_bOxford University Press,
_c1999.
300 _axviii, 315 pages;
_c20 cm.
500 _aS-KN: Ashin Khemānanda
500 _aS-GAKTH: Gerry Abbot & Khin Thant Han's Collection
504 _6Includes bibliographical references.
650 _aFolklore
_zSoutheast Asia.
_938488
650 _aMythology
_922421
942 _2ddc
_cBK1
999 _c32995
_d32995